| 000 | 00492nam a22001577a 4500 | ||
|---|---|---|---|
| 003 | NUST | ||
| 038 | _aNusrat Nadeem | ||
| 082 | _a200 | ||
| 100 |
_aZainab, Nabia _9133130 |
||
| 245 |
_aHallucination Detection and Mitigation in Language Models/ _cNabia Zainab, |
||
| 264 |
_aIslamabad: _bSEECS NUST. _c2025. |
||
| 650 |
_aMS-Computer Science _926780 |
||
| 700 |
_aSupervisor: Dr. Syed Imran Ali _9125636 |
||
| 856 | _uhttp://10.250.8.41:8080/xmlui/handle/123456789/57258 | ||
| 942 |
_2ddc _cSC |
||
| 999 |
_c616135 _d616135 |
||